LEADER 00947nam1 2200265 450 001 000017735 005 20081017094900.0 100 $a20081017d2006----km-y0itay50------ba 101 0 $aita 102 $aIT 105 $ay-------001yy 200 1 $aOltre Adriatico$ecronologia delle operazioni navali in Istria, nel Carnaro e in Dalmazia durante il primo conflitto mondiale$fFrancesco Fatutta 210 $aRoma$cRivista marittima$d2006 215 $av.$cill.$d24 cm 225 2 $a<<[>>Supplemento alla Rivista marittima<<]>> 327 1 $aTomo 1.: 1915-1916 410 0$12001$a<<[>>Supplemento alla Rivista marittima<<]>> 610 1 $aGuerra mondiale 1914-1918 676 $a940.3$v20$9Prima guerra mondiale 700 1$aFatutta,$bFrancesco$4070$09393 801 0$aIT$bUNIPARTHENOPE$c20081013$gRICA$2UNIMARC 912 $a000017735 951 $aRIMAS 623/12.1-2006$bs.i.$cPIST$d2008 996 $aOltre Adriatico$9733666 997 $aUNIPARTHENOPE LEADER 01280nam0 22002771i 450 001 UON00036621 005 20231205102125.884 100 $a20020107d1914 |0itac50 ba 101 $ager 102 $aDE 105 $a|||| 1|||| 200 1 $aˆDas ‰Dschong Lun des Tsui Schi$eEine konfusianische Rechtfertigung der Diktatur aus der Han-Zeit (2. Jahrh. n. Chr.)$fvon Franz Kuhn 210 $aBerlin$cKoniglichen Akademie der Wissenschaften$d1914 215 $a27 p.$d28 cm 410 1$1001UON00036619$12001 $aAbhandlungen der Koniglichen Preussischen Akademie der Wissenschaften zu Berlin$v1914,nr.4 606 $aCONFUCIANESIMO$xCINA$xSEC. II$3UONC012253$2FI 620 $aDE$dBerlin$3UONL003157 686 $aCIN VII A$cCINA - RELIGIONE E FILOSOFIA - PERIODO CLASSICO$2A 700 1$aKUHN$bFranz$3UONV009432$0646894 712 $aKoniglich Preussischen Akademie der Wissenschaften zu Berlin$3UONV253884$4650 801 $aIT$bSOL$c20240220$gRICA 899 $aSIBA - SISTEMA BIBLIOTECARIO DI ATENEO$2UONSI 912 $aUON00036621 950 $aSIBA - SISTEMA BIBLIOTECARIO DI ATENEO$dSI CIN VII A 186 $eSI SA 26784 7 186 996 $aDschong Lun des Tsui Schi$91193082 997 $aUNIOR LEADER 03744nam 22006375 450 001 9910996485703321 005 20250413135146.0 010 $a3-031-88322-5 024 7 $a10.1007/978-3-031-88322-4 035 $a(CKB)38428949300041 035 $a(DE-He213)978-3-031-88322-4 035 $a(MiAaPQ)EBC32007819 035 $a(Au-PeEL)EBL32007819 035 $a(EXLCZ)9938428949300041 100 $a20250413d2025 u| 0 101 0 $aeng 135 $aur||||||||||| 181 $ctxt$2rdacontent 182 $cc$2rdamedia 183 $acr$2rdacarrier 200 10$aCircular Economy Business Model for Construction Organisations /$fby Osamudiamen Otasowie, Clinton Ohis Aigbavboa, Ayodeji Emmanuel Oke 205 $a1st ed. 2025. 210 1$aCham :$cSpringer Nature Switzerland :$cImprint: Springer,$d2025. 215 $a1 online resource (XII, 204 p. 7 illus., 4 illus. in color.) 225 1 $aGreen Energy and Technology,$x1865-3537 311 08$a3-031-88321-7 327 $aPart 1: Background information -- Introducing circular economy in the construction industry -- Part 2: Circular economy business model in organisations -- The principles of circular economy -- Theoretical perspectives on circular economy in organisations and policies -- The theoretical frameworks of the Circular Economy Business Model (CEBM) -- Gaps in circular economy business model theoretical frameworks -- Conceptualised circular economy business model adoption framework for construction organisations -- Part 3: Case study -- Conceptual framework validation: A Delphi approach -- Results of the Delphi study -- Conclusion. 330 $aThis book takes readers through the process of integrating the circular economy into the business model of construction organizations. It offers not only theory but also a workable implementation plan. This approach guarantees that readers can implement these insights into their construction operations with confidence. It includes in-depth analyses of the circular economy business model and the peculiarities of the construction sector, providing an approach that considers both the opportunities and challenges faced by this sector. In addition, it shows how the circular economy framework can continue to be relevant and adaptable by addressing the current adoption level of the circular economy in construction and preparing readers for new developments. Lastly, the book demonstrates how circular value propositions can be used to implement the circular economy in the construction sector, thus increasing revenue and profits in construction. 410 0$aGreen Energy and Technology,$x1865-3537 606 $aConstruction industry$xManagement 606 $aCivil engineering 606 $aArchitecture 606 $aProject management 606 $aConstruction Management 606 $aCivil Engineering 606 $aArchitecture 606 $aProject Management 615 0$aConstruction industry$xManagement. 615 0$aCivil engineering. 615 0$aArchitecture. 615 0$aProject management. 615 14$aConstruction Management. 615 24$aCivil Engineering. 615 24$aArchitecture. 615 24$aProject Management. 676 $a690.06 700 $aOtasowie$b Osamudiamen$4aut$4http://id.loc.gov/vocabulary/relators/aut$01817068 702 $aAigbavboa$b Clinton Ohis$4aut$4http://id.loc.gov/vocabulary/relators/aut 702 $aOke$b Ayodeji Emmanuel$4aut$4http://id.loc.gov/vocabulary/relators/aut 801 0$bMiAaPQ 801 1$bMiAaPQ 801 2$bMiAaPQ 906 $aBOOK 912 $a9910996485703321 996 $aCircular Economy Business Model for Construction Organisations$94374454 997 $aUNINA